[Event "Paracin op-A 18th"]
[Site "Paracin"]
[Date "2025.07.09"]
[Round "6"]
[White "Filip, Andrei"]
[Black "Maruflu, Enes Yusuf"]
[Result "1/2-1/2"]
[WhiteElo "2348"]
[BlackElo "2141"]
[PlyCount "93"]
[EventDate "2025.07.04"]
[EventType "swiss"]
[EventRounds "9"]
[EventCountry "SRB"]
[SourceTitle "CB29_2025"]
[SourceDate "2025.07.16"]
[SourceVersion "1"]
[SourceVersionDate "2025.07.16"]
[SourceQuality "1"]

1. e4 e5 2. Nf3 Nc6 3. Bc4 Nf6 4. d3 Be7 5. 0-0 0-0 6. Nc3 d6 7. a4 Bg4 8. Be3 Kh8 9. h3 Bh5 10. Nd5 Nxd5 11. Bxd5 Nb4 12. Bb3 a5 13. g4 Bg6 14. c3 Nc6 15. Kg2 Qc8 16. Ng1 Nd8 17. Ne2 Ne6 18. Qd2 c6 19. Ng3 Nc5 20. Bc2 b5 21. axb5 cxb5 22. d4 Ne6 23. Nf5 Qb7 24. f3 a4 25. h4 f6 26. h5 Bf7 27. d5 Nc5 28. f4 exf4 29. Rxf4 Rfe8 30. Bd4 Nd7 31. h6 gxh6 32. Nxe7 Rxe7 33. Raf1 Bg6 34. Bxf6+ Nxf6 35. Rxf6 Bxe4+ 36. Bxe4 Rxe4 37. Rf7 Qc8 38. R1f4 Qc4 39. Kh3 Qe2 40. Qxe2 Rxe2 41. Rb4 a3 42. bxa3 Rxa3 43. Rf3 Rc2 44. Rbf4 Rcxc3 45. Rf8+ Kg7 46. R8f7+ Kg8 47. Rf8+ 1/2-1/2

[Event "Paracin op-A 18th"]
[Site "Paracin"]
[Date "2025.07.05"]
[Round "2"]
[White "Filip, Andrei"]
[Black "Vihaan, Dumir"]
[Result "1-0"]
[WhiteElo "2348"]
[BlackElo "2143"]
[PlyCount "65"]
[EventDate "2025.07.04"]
[EventType "swiss"]
[EventRounds "9"]
[EventCountry "SRB"]
[SourceTitle "CB29_2025"]
[SourceDate "2025.07.16"]
[SourceVersion "1"]
[SourceVersionDate "2025.07.16"]
[SourceQuality "1"]

1. e4 e6 2. d4 d5 3. e5 c5 4. c3 Nc6 5. Nf3 Qb6 6. Be2 cxd4 7. cxd4 Nge7 8. Na3 Nf5 9. Nc2 Bd7 10. 0-0 Be7 11. Kh1 Nh4 12. Nxh4 Bxh4 13. Bd3 Be7 14. Qg4 g6 15. Bh6 0-0-0 16. Qf4 Be8 17. Rab1 Kb8 18. b4 Rc8 19. Qd2 Nd8 20. b5 Ka8 21. a4 Qc7 22. Rfc1 Bd7 23. Ne1 Qb8 24. a5 Rxc1 25. Rxc1 Re8 26. Nf3 b6 27. a6 f6 28. exf6 Bd6 29. g3 Nf7 30. Bf4 e5 31. dxe5 Nxe5 32. Nxe5 Bxe5 33. Be4 1-0

[Event "Vojvodina op 15th"]
[Site "Novi Sad"]
[Date "2025.07.01"]
[Round "8"]
[White "Filip, Lucian Ioan"]
[Black "Filip, Andrei"]
[Result "1/2-1/2"]
[WhiteElo "2336"]
[BlackElo "2297"]
[PlyCount "53"]
[EventDate "2025.06.25"]
[EventType "swiss"]
[EventRounds "9"]
[EventCountry "SRB"]
[SourceTitle "CB27_2025"]
[SourceDate "2025.07.02"]
[SourceVersion "1"]
[SourceVersionDate "2025.07.02"]
[SourceQuality "1"]

1. Nf3 Nf6 2. c4 b6 3. g3 c5 4. Bg2 Bb7 5. 0-0 e6 6. Nc3 Be7 7. d4 cxd4 8. Qxd4 d6 9. Rd1 a6 10. b3 Nbd7 11. e4 Qc7 12. Ba3 Nc5 13. e5 dxe5 14. Qxe5 Qxe5 15. Nxe5 Bxg2 16. Kxg2 Rc8 17. Rd4 Ncd7 18. Nxd7 Nxd7 19. Rad1 Rc7 20. Bb2 Nc5 21. b4 Nd7 22. b5 Bf6 23. R4d2 a5 24. f4 Nc5 25. Rd6 Rb7 26. Ba3 Nd7 27. Rc6 1/2-1/2

[Event "Vojvodina op 15th"]
[Site "Novi Sad"]
[Date "2025.06.30"]
[Round "7"]
[White "Filip, Andrei"]
[Black "Djokic, Mihailo"]
[Result "1-0"]
[WhiteElo "2297"]
[BlackElo "2225"]
[PlyCount "55"]
[EventDate "2025.06.25"]
[EventType "swiss"]
[EventRounds "9"]
[EventCountry "SRB"]
[SourceTitle "CB27_2025"]
[SourceDate "2025.07.02"]
[SourceVersion "1"]
[SourceVersionDate "2025.07.02"]
[SourceQuality "1"]

1. e4 c6 2. d4 d5 3. e5 Bf5 4. Nf3 e6 5. Be2 c5 6. Be3 cxd4 7. Nxd4 Ne7 8. c4 dxc4 9. Na3 Be4 10. Nxc4 Nd5 11. 0-0 a6 12. Nb3 Nd7 13. Bd4 Qg5 14. Bf3 Bxf3 15. Qxf3 Qf4 16. Qe2 Bb4 17. g3 Qf5 18. Nc5 Qg6 19. Nd6+ Ke7 20. Ncxb7 Rhb8 21. f4 Bxd6 22. f5 exf5 23. Nxd6 f4 24. Qf3 Ne3 25. Bxe3 fxe3 26. Qd5 f6 27. Nf5+ Ke8 28. Qe6+ 1-0

[Event "Vojvodina op 15th"]
[Site "Novi Sad"]
[Date "2025.06.28"]
[Round "4"]
[White "Mushini, Ajay"]
[Black "Filip, Andrei"]
[Result "0-1"]
[WhiteElo "2196"]
[BlackElo "2297"]
[PlyCount "74"]
[EventDate "2025.06.25"]
[EventType "swiss"]
[EventRounds "9"]
[EventCountry "SRB"]
[SourceTitle "CB27_2025"]
[SourceDate "2025.07.02"]
[SourceVersion "1"]
[SourceVersionDate "2025.07.02"]
[SourceQuality "1"]

1. e4 e6 2. d4 d5 3. Nc3 Nf6 4. e5 Nfd7 5. f4 c5 6. Nf3 Nc6 7. Be3 Rb8 8. Qd2 Qa5 9. Be2 b5 10. 0-0 b4 11. Nd1 Be7 12. Qe1 0-0 13. Nf2 Ba6 14. dxc5 Bxe2 15. Qxe2 Bxc5 16. Nd3 Bxe3+ 17. Qxe3 Qb6 18. Qxb6 Nxb6 19. h4 h5 20. Rfc1 Nc4 21. c3 Ne3 22. cxb4 Nxb4 23. Nde1 Rfc8 24. Rxc8+ Rxc8 25. a3 Na6 26. Nd3 Rc2 27. Nfe1 Rc4 28. Rc1 Kh7 29. b3 Rxc1 30. Nxc1 Kg6 31. Nf3 Nc2 32. a4 Nc5 33. Kf2 Kf5 34. g3 f6 35. Ke2 Kg4 36. Kf2 Ne4+ 37. Kg2 Ne3+ 0-1

[Event "Vojvodina op 15th"]
[Site "Novi Sad"]
[Date "2025.06.27"]
[Round "3"]
[White "Filip, Andrei"]
[Black "Demchenko, Anton"]
[Result "0-1"]
[WhiteElo "2297"]
[BlackElo "2619"]
[PlyCount "136"]
[EventDate "2025.06.25"]
[EventType "swiss"]
[EventRounds "9"]
[EventCountry "SRB"]
[SourceTitle "CB27_2025"]
[SourceDate "2025.07.02"]
[SourceVersion "1"]
[SourceVersionDate "2025.07.02"]
[SourceQuality "1"]

1. e4 d6 2. d4 g6 3. Nc3 Bg7 4. Be3 a6 5. g4 Nf6 6. h3 0-0 7. Bg2 e5 8. Nge2 Nc6 9. f4 exd4 10. Nxd4 Bd7 11. 0-0 Re8 12. Nde2 Na5 13. Ng3 Nc4 14. Bc1 Bc6 15. g5 Nd7 16. f5 Be5 17. Nge2 b5 18. Rb1 Nc5 19. Nd5 Nd7 20. Nd4 Bb7 21. f6 c6 22. Ne7+ Rxe7 23. fxe7 Qxe7 24. b3 Ncb6 25. Nf3 Bg7 26. Re1 Ne5 27. Nxe5 Bxe5 28. Be3 Nd7 29. Qd2 Nc5 30. Rbd1 Ne6 31. h4 c5 32. c3 h6 33. Rf1 hxg5 34. hxg5 Qf8 35. Qe1 Qg7 36. Qh4 Re8 37. Qh6 a5 38. Rf2 Re7 39. c4 b4 40. Rdf1 Bc6 41. Bh3 Nd4 42. Bg4 Bxe4 43. Qxg7+ Kxg7 44. Bf4 Bf5 45. Bxe5+ dxe5 46. Bxf5 gxf5 47. Rh2 e4 48. Kg2 Kg6 49. Rh8 Kxg5 50. Rg8+ Kf6 51. Rh1 Rd7 52. Rc8 Ne6 53. Kf2 Rd2+ 54. Ke3 Rd3+ 55. Kf2 f4 56. Rh6+ Ke7 57. Ra8 Rd2+ 58. Ke1 Rd7 59. Rxa5 f3 60. Kf2 Rd2+ 61. Ke1 f2+ 62. Kf1 e3 63. Ra7+ Kf8 64. Rf6 Ng5 65. Kg2 Kg7 66. Rf5 Kg6 67. Rf4 Rd1 68. Ra6+ Ne6 0-1

[Event "Vojvodina op 15th"]
[Site "Novi Sad"]
[Date "2025.06.25"]
[Round "1"]
[White "Cuzovic, Ognjen"]
[Black "Filip, Andrei"]
[Result "0-1"]
[WhiteElo "2054"]
[BlackElo "2297"]
[PlyCount "118"]
[EventDate "2025.06.25"]
[EventType "swiss"]
[EventRounds "9"]
[EventCountry "SRB"]
[SourceTitle "CB27_2025"]
[SourceDate "2025.07.02"]
[SourceVersion "1"]
[SourceVersionDate "2025.07.02"]
[SourceQuality "1"]

1. d4 Nf6 2. c4 e6 3. Nf3 b6 4. g3 Ba6 5. b3 Bb4+ 6. Nbd2 Bc3 7. Rb1 Bb7 8. Bb2 Ne4 9. Rg1 Qf6 10. Bxc3 Nxc3 11. Qc2 Nxb1 12. Qxb1 Bxf3 13. Nxf3 Nc6 14. Bg2 Rd8 15. e3 0-0 16. Ke2 e5 17. Rd1 exd4 18. Nxd4 Nxd4+ 19. Rxd4 g6 20. Qd3 Rfe8 21. Bd5 Re7 22. a4 Rde8 23. h4 Qf5 24. Qd2 a6 25. Bf3 Qf6 26. Bd5 Kg7 27. Bf3 d6 28. Bb7 a5 29. Bc6 Rf8 30. Kf1 Qe5 31. Rd5 Qe6 32. Qd4+ Qf6 33. Qd2 Kh8 34. Kg2 Qg7 35. Rd4 f5 36. Rf4 Qe5 37. Rd4 Ref7 38. Bd5 Rf6 39. Qd1 Kg7 40. Qf3 h6 41. Qf4 Qxf4 42. gxf4 Re8 43. Rd1 Rff8 44. Rg1 Kf6 45. Kf1 Re7 46. Ke2 Rg7 47. Kd3 Rh8 48. Rh1 Rhh7 49. Kd4 g5 50. hxg5+ hxg5 51. fxg5+ Kxg5 52. Rxh7 Rxh7 53. e4 f4 54. e5 dxe5+ 55. Kxe5 Rh2 56. f3 Rb2 57. c5 bxc5 58. Ke6 Rd2 59. Be4 Kh4 0-1

[Event "Sofia Spring op 1st"]
[Site "Sofia"]
[Date "2025.05.23"]
[Round "1"]
[White "Filip, Andrei"]
[Black "Sucharda, Tomas"]
[Result "1/2-1/2"]
[WhiteElo "2335"]
[BlackElo "2014"]
[PlyCount "47"]
[EventDate "2025.05.23"]
[EventType "swiss"]
[EventRounds "9"]
[EventCountry "BUL"]
[SourceTitle "CB23_2025"]
[SourceDate "2025.06.04"]
[SourceVersion "1"]
[SourceVersionDate "2025.06.04"]
[SourceQuality "1"]

1. e4 c5 2. Nf3 Nc6 3. d4 cxd4 4. Nxd4 e5 5. Nb5 d6 6. c4 Be7 7. N1c3 a6 8. Na3 Be6 9. Nc2 Rc8 10. Ne3 Nf6 11. Bd3 0-0 12. 0-0 Nd4 13. f3 b5 14. cxb5 axb5 15. Nxb5 Nxb5 16. Bxb5 Qb6 17. Bd3 d5 18. Kh1 dxe4 19. fxe4 Rfd8 20. Qe2 Qd4 21. Ba6 Rb8 22. Nf5 Bxf5 23. exf5 Bc5 24. Bg5 1/2-1/2

[Event "Bucharest ROM GP"]
[Site "Bucharest"]
[Date "2025.05.11"]
[Round "10"]
[White "Costachi, Mihnea"]
[Black "Filip, Andrei"]
[Result "1/2-1/2"]
[WhiteElo "2464"]
[BlackElo "2335"]
[PlyCount "91"]
[EventDate "2025.05.10"]
[EventType "swiss"]
[EventRounds "10"]
[EventCountry "ROU"]
[SourceTitle "CB20_2025"]
[SourceDate "2025.05.14"]
[SourceVersion "1"]
[SourceVersionDate "2025.05.14"]
[SourceQuality "1"]

1. Nc3 c5 2. Nf3 e6 3. g3 d5 4. d3 Nf6 5. Bg2 Be7 6. 0-0 Nc6 7. e4 0-0 8. Re1 h6 9. h3 a6 10. exd5 exd5 11. d4 b5 12. Bf4 b4 13. Na4 c4 14. Ne5 Bb7 15. Nc5 Bxc5 16. Nxc6 Bxc6 17. dxc5 Ne4 18. Qd4 Qa5 19. Bxe4 dxe4 20. Qxc4 Rac8 21. Bd6 Rfe8 22. Re3 Bb5 23. Qd4 Bc6 24. Qd2 Qb5 25. Qe2 Qb7 26. Qg4 Bd7 27. Qh5 Bc6 28. Rae1 Qd7 29. f3 f5 30. g4 Qf7 31. Qxf5 Qxf5 32. gxf5 exf3 33. Rxe8+ Rxe8 34. Rxe8+ Bxe8 35. c6 Bxc6 36. Bxb4 Be4 37. c4 Bxf5 38. Kf2 Bxh3 39. Kxf3 Kf7 40. Ke4 h5 41. Kf4 g6 42. Bc3 Ke6 43. b4 Bf1 44. b5 axb5 45. cxb5 Bxb5 46. Kg5 1/2-1/2

[Event "Bucharest ROM GP"]
[Site "Bucharest"]
[Date "2025.05.11"]
[Round "5"]
[White "Filip, Andrei"]
[Black "Gavrilescu, David"]
[Result "0-1"]
[WhiteElo "2335"]
[BlackElo "2554"]
[PlyCount "154"]
[EventDate "2025.05.10"]
[EventType "swiss"]
[EventRounds "10"]
[EventCountry "ROU"]
[SourceTitle "CB20_2025"]
[SourceDate "2025.05.14"]
[SourceVersion "1"]
[SourceVersionDate "2025.05.14"]
[SourceQuality "1"]

1. e4 c5 2. Nf3 d6 3. Bb5+ Bd7 4. Bxd7+ Qxd7 5. c4 e5 6. Nc3 Nc6 7. d3 Be7 8. Be3 Bd8 9. 0-0 Nge7 10. a3 0-0 11. Rb1 f5 12. exf5 Rxf5 13. b4 b6 14. Nd2 Ng6 15. Nde4 Be7 16. Qg4 Rd8 17. Nd5 Bf8 18. Bg5 Nce7 19. h4 Rf7 20. Qxd7 Rxd7 21. Bxe7 Nxe7 22. b5 h6 23. a4 Nf5 24. g3 Be7 25. Ra1 Bd8 26. Kg2 Nd4 27. Ra2 Rf3 28. Rd1 g6 29. Ndc3 Rf8 30. Nd5 Kg7 31. f4 exf4 32. Nxf4 Bxh4 33. Rf1 Bg5 34. Nd5 Rxf1 35. Kxf1 Bd8 36. Rf2 h5 37. Kg2 Nf5 38. Re2 Rf7 39. Nec3 Bf6 40. Ne4 Be5 41. Ra2 h4 42. Ng5 Rb7 43. g4 Ne7 44. Ne3 Bd4 45. Ne6+ Kf6 46. Nxd4 cxd4 47. Nc2 Ke5 48. Ra1 d5 49. Re1+ Kf4 50. Nxd4 Kxg4 51. Re5 dxc4 52. dxc4 Rd7 53. Re4+ Kh5 54. Ne6 Nf5 55. Nf4+ Kg5 56. Nd5 Nd6 57. Re5+ Kh6 58. Nf6 Rf7 59. Ng4+ Kg7 60. Kh3 Nxc4 61. Re6 g5 62. Rc6 Rf3+ 63. Kh2 Rf4 64. Rc7+ Kf8 65. Kh3 Nd2 66. Ne5 Rxa4 67. Nc6 a6 68. bxa6 Rxa6 69. Nd4 Ra3+ 70. Kg4 Ra4 71. Rd7 Nb3 72. Kxg5 Rxd4 73. Rb7 Nd2 74. Rxb6 h3 75. Rh6 h2 76. Kf5 Nf3 77. Rh3 Rd1 0-1

[Event "EU-ch 25th"]
[Site "Eforie Nord"]
[Date "2025.03.25"]
[Round "10"]
[White "Filip, Andrei"]
[Black "Szpar, Milosz"]
[Result "0-1"]
[WhiteElo "2300"]
[BlackElo "2449"]
[PlyCount "174"]
[EventDate "2025.03.15"]
[EventType "swiss"]
[EventRounds "11"]
[EventCountry "ROU"]
[SourceTitle "CB13_2025"]
[SourceDate "2025.03.26"]
[SourceVersion "1"]
[SourceVersionDate "2025.03.26"]
[SourceQuality "1"]

1. e4 c5 2. Nf3 d6 3. d4 cxd4 4. Nxd4 Nf6 5. Nc3 a6 6. Be2 e5 7. Nb3 Be7 8. Be3 Be6 9. Nd5 Nbd7 10. Qd3 Bxd5 11. exd5 Rc8 12. c4 0-0 13. 0-0 Ne8 14. a4 Bg5 15. a5 g6 16. Rfd1 f5 17. Qc3 f4 18. Bd2 Nef6 19. Qh3 Kg7 20. Bb4 Ne4 21. Ba3 Bh4 22. Rf1 Ng5 23. Qc3 f3 24. Bxf3 Nxf3+ 25. gxf3 Qg5+ 26. Kh1 Qh5 27. Nd2 Bg5 28. Rg1 Bxd2 29. Qxd2 Rxc4 30. Bxd6 Rxf3 31. Qe2 Rh4 32. Rg2 Ra3 33. Re1 Ra1 34. f3 Rxe1+ 35. Qxe1 Rh3 36. f4 Rd3 37. Qe4 Rd1+ 38. Rg1 Rd2 39. Rg2 Rd1+ 40. Rg1 Rxg1+ 41. Kxg1 Qg4+ 42. Kf2 Qh4+ 43. Kg2 Qxf4 44. Qxf4 exf4 45. Bxf4 Nf6 46. d6 Kf7 47. Kh3 Ke6 48. Kh4 Ne4 49. Kg4 Nf2+ 50. Kh4 Nd3 51. Bd2 Ne5 52. Bf4 Nf7 53. Kg4 Kd5 54. Bg3 h6 55. Bf4 Ke6 56. b3 Kf6 57. Bg3 Ke6 58. Bf4 Kd7 59. Kf3 h5 60. Ke4 Ke6 61. d7 Nd8 62. Bg5 Kxd7 63. Kd5 Nf7 64. Bd2 g5 65. Kc5 g4 66. Kb6 Kc8 67. Kc5 Kd7 68. Bf4 h4 69. Kb6 Nd6 70. Be5 h3 71. Bf4 Ne4 72. Kxb7 Nc5+ 73. Kb6 Nxb3 74. Kxa6 Kc6 75. Bb8 Nc5+ 76. Ka7 Kb5 77. Bd6 Ne4 78. Bc7 g3 79. a6 Nd6 80. Kb8 gxh2 81. a7 h1Q 82. Bxd6 h2 83. Bxh2 Qxh2+ 84. Ka8 Qh8+ 85. Kb7 Qg7+ 86. Kb8 Kb6 87. a8Q Qf8# 0-1

[Event "ROM-ch"]
[Site "Craiova"]
[Date "2025.02.23"]
[Round "9"]
[White "Craciun, Sasha Matei"]
[Black "Filip, Andrei"]
[Result "1/2-1/2"]
[WhiteElo "2257"]
[BlackElo "2320"]
[PlyCount "36"]
[EventDate "2025.02.15"]
[EventType "swiss"]
[EventRounds "9"]
[EventCountry "ROU"]
[SourceTitle "CB09_2025"]
[SourceDate "2025.02.27"]
[SourceVersion "1"]
[SourceVersionDate "2025.02.27"]
[SourceQuality "1"]

1. e4 e6 2. d4 d5 3. Nc3 Nf6 4. e5 Nfd7 5. f4 c5 6. Nf3 Nc6 7. Be3 Rb8 8. a3 cxd4 9. Nxd4 Bc5 10. Qd2 Nxd4 11. Bxd4 Bxd4 12. Qxd4 Qb6 13. Qxb6 Nxb6 14. Nb5 a6 15. Nd4 Bd7 16. Bd3 g6 17. h4 h5 18. Kd2 Ke7 1/2-1/2

[Event "ROM-ch"]
[Site "Craiova"]
[Date "2025.02.22"]
[Round "8"]
[White "Filip, Andrei"]
[Black "Daianu, Cristian Clement"]
[Result "1/2-1/2"]
[WhiteElo "2320"]
[BlackElo "2214"]
[PlyCount "101"]
[EventDate "2025.02.15"]
[EventType "swiss"]
[EventRounds "9"]
[EventCountry "ROU"]
[SourceTitle "CB09_2025"]
[SourceDate "2025.02.27"]
[SourceVersion "1"]
[SourceVersionDate "2025.02.27"]
[SourceQuality "1"]

1. e4 c5 2. Nf3 d6 3. d4 cxd4 4. Nxd4 Nf6 5. Nc3 a6 6. Be2 e5 7. Nf3 Be7 8. Bg5 Be6 9. Bxf6 Bxf6 10. 0-0 0-0 11. Qd2 Be7 12. Nd5 Bxd5 13. Qxd5 Qc7 14. c3 Nd7 15. Qd3 Qc6 16. Qe3 Qb6 17. Qd2 Nc5 18. Qc2 Qc6 19. Nd2 Bg5 20. Bc4 Bxd2 21. Bd5 Qa4 22. b3 Qd7 23. Qxd2 Kh8 24. Rad1 f5 25. exf5 Rxf5 26. g3 Raf8 27. Bg2 R5f6 28. Qe3 Qc7 29. Rd2 b5 30. Rfd1 h6 31. Rc1 Nd7 32. c4 b4 33. Rcd1 Nc5 34. Rd5 a5 35. R1d2 Qe7 36. Qe1 a4 37. bxa4 Nxa4 38. Rb5 Nc5 39. Rxb4 e4 40. Qe3 Qf7 41. Rbb2 Qxc4 42. Qd4 Qe6 43. Rb6 Qe8 44. Qe3 Qe5 45. h3 Qa1+ 46. Kh2 Qe5 47. Re2 Rc8 48. Rb5 Qe8 49. Ra5 Qf8 50. Rc2 Re8 51. Ra7 1/2-1/2

[Event "ROM-ch"]
[Site "Craiova"]
[Date "2025.02.21"]
[Round "7"]
[White "Nastase, Robert Paul"]
[Black "Filip, Andrei"]
[Result "0-1"]
[WhiteElo "2259"]
[BlackElo "2320"]
[PlyCount "45"]
[EventDate "2025.02.15"]
[EventType "swiss"]
[EventRounds "9"]
[EventCountry "ROU"]
[SourceTitle "CB09_2025"]
[SourceDate "2025.02.27"]
[SourceVersion "1"]
[SourceVersionDate "2025.02.27"]
[SourceQuality "1"]

1. e4 e6 2. d3 d5 3. Nc3 Nf6 4. Bg5 Be7 5. Nf3 0-0 6. Qd2 c5 7. g3 Nc6 8. exd5 exd5 9. Bg2 d4 10. Ne2 h6 11. Bxf6 Bxf6 12. 0-0 Bf5 13. h3 Qd7 14. g4 Bh7 15. Nh2 Rae8 16. Ng3 Bd8 17. f4 Re3 18. Rf3 Rfe8 19. Qf2 Ba5 20. Bf1 Bc7 21. f5 Qd6 22. Kg2 Nb4 23. Rc1 0-1

[Event "ROM-ch"]
[Site "Craiova"]
[Date "2025.02.18"]
[Round "4"]
[White "Filip, Andrei"]
[Black "Berechet, Otiliu"]
[Result "1-0"]
[WhiteElo "2320"]
[BlackElo "1946"]
[PlyCount "77"]
[EventDate "2025.02.15"]
[EventType "swiss"]
[EventRounds "9"]
[EventCountry "ROU"]
[SourceTitle "CB09_2025"]
[SourceDate "2025.02.27"]
[SourceVersion "1"]
[SourceVersionDate "2025.02.27"]
[SourceQuality "1"]

1. e4 c5 2. Nf3 Qa5 3. Nc3 g6 4. Bc4 Nc6 5. 0-0 Bg7 6. d3 d6 7. Re1 a6 8. Bd2 Qd8 9. a4 Bd7 10. Qc1 h6 11. Be3 Rc8 12. Nd5 Kf8 13. h3 e6 14. Nf4 Ne5 15. Nxe5 Bxe5 16. Ne2 b5 17. axb5 axb5 18. Ba2 Qc7 19. c3 Qb7 20. Qd2 g5 21. f4 gxf4 22. Bxf4 Rh7 23. d4 Bxf4 24. Nxf4 c4 25. Qf2 Ra8 26. b3 Rg7 27. bxc4 e5 28. dxe5 dxe5 29. Qc5+ Ne7 30. Qxe5 Rg5 31. Qh8+ Ng8 32. c5 Ra4 33. Bd5 Qc7 34. Rxa4 bxa4 35. Rf1 Bxh3 36. Nxh3 Rg7 37. Nf4 Qxc5+ 38. Kh1 Qb5 39. c4 1-0

[Event "ROM-ch"]
[Site "Craiova"]
[Date "2025.02.17"]
[Round "3"]
[White "Danila, Tudor Gabriel"]
[Black "Filip, Andrei"]
[Result "1-0"]
[WhiteElo "2136"]
[BlackElo "2320"]
[PlyCount "71"]
[EventDate "2025.02.15"]
[EventType "swiss"]
[EventRounds "9"]
[EventCountry "ROU"]
[SourceTitle "CB09_2025"]
[SourceDate "2025.02.27"]
[SourceVersion "1"]
[SourceVersionDate "2025.02.27"]
[SourceQuality "1"]

1. e4 c5 2. Nf3 e6 3. d4 cxd4 4. Nxd4 a6 5. Bd3 Bc5 6. Nb3 Ba7 7. Qe2 Ne7 8. Be3 0-0 9. Nc3 b5 10. 0-0-0 Nbc6 11. Bxa7 Rxa7 12. Qe3 Rc7 13. f4 d5 14. Qf3 Nb4 15. exd5 exd5 16. a3 Nxd3+ 17. Rxd3 Bf5 18. Rd2 Qc8 19. Nd4 Bg4 20. Qe3 Rd8 21. h3 Bf5 22. Re1 h5 23. g4 hxg4 24. hxg4 Bxg4 25. f5 Nxf5 26. Qg5 Nxd4 27. Rxd4 Bf5 28. Rf1 Bg6 29. Rh4 Rc4 30. Rh2 f6 31. Qxg6 Rg4 32. Qh7+ Kf8 33. Nxd5 Qc4 34. Rxf6+ gxf6 35. Qe7+ Kg8 36. Nxf6# 1-0

[Event "EU-ch 24th"]
[Site "Petrovac"]
[Date "2024.11.10"]
[Round "3"]
[White "Filip, Andrei"]
[Black "Gines Esteo, Pedro Antonio"]
[Result "1/2-1/2"]
[WhiteElo "2283"]
[BlackElo "2492"]
[PlyCount "134"]
[EventDate "2024.11.08"]
[EventType "swiss"]
[EventRounds "11"]
[EventCountry "MNE"]
[SourceTitle "CB47_2024"]
[SourceDate "2024.11.20"]
[SourceVersion "1"]
[SourceVersionDate "2024.11.20"]
[SourceQuality "1"]

1. e4 c6 2. d4 d5 3. e5 Bf5 4. Nd2 e6 5. Nb3 Nd7 6. Nf3 Qc7 7. Be2 c5 8. c3 h6 9. 0-0 c4 10. Nbd2 Ne7 11. Ne1 Bh7 12. b3 cxb3 13. Qxb3 Nc6 14. Ba3 Bxa3 15. Qxa3 Qa5 16. Qb2 Qb6 17. Qa3 Qa5 18. Qb2 0-0 19. Bd3 Bxd3 20. Nxd3 Qa6 21. Nf4 Nb6 22. Nb3 Na4 23. Qd2 Ne7 24. Nh5 Rac8 25. Rac1 Rc4 26. f4 Rfc8 27. Rf3 b5 28. g4 b4 29. cxb4 Rxc1+ 30. Nxc1 Nc6 31. Nb3 Qc4 32. a3 Ne7 33. Nc5 Nxc5 34. dxc5 a5 35. Rc3 Qe4 36. Ng3 Qg6 37. h3 axb4 38. axb4 d4 39. Rd3 Nd5 40. f5 exf5 41. Rxd4 Nxb4 42. Nxf5 Qe6 43. Qxb4 Qxe5 44. Re4 Qxc5+ 45. Qxc5 Rxc5 46. Nd6 Rc7 47. Kg2 Ra7 48. Nf5 Ra5 49. Re7 h5 50. Nd6 Ra2+ 51. Kg3 Ra3+ 52. Kh4 hxg4 53. Kxg4 Ra4+ 54. Kf5 Ra5+ 55. Re5 Ra3 56. Re8+ Kh7 57. Nxf7 Rf3+ 58. Ke6 Re3+ 59. Kd7 Rxe8 60. Kxe8 Kg6 61. Nd6 Kg5 62. Ne4+ Kh4 63. Nf2 Kg3 64. Kf7 Kxf2 65. h4 Kg3 66. h5 Kh4 67. Kxg7 Kxh5 1/2-1/2

[Event "Arad op 17th"]
[Site "Arad"]
[Date "2024.08.07"]
[Round "4"]
[White "Pasti, Zsombor"]
[Black "Filip, Andrei"]
[Result "0-1"]
[WhiteElo "2043"]
[BlackElo "2302"]
[PlyCount "60"]
[EventDate "2024.08.05"]
[EventType "swiss"]
[EventRounds "9"]
[EventCountry "ROU"]
[SourceTitle "CBM 221 Extra"]
[Source "ChessBase"]
[SourceDate "2024.09.30"]
[SourceVersion "1"]
[SourceVersionDate "2024.09.30"]
[SourceQuality "1"]

1. d4 Nf6 2. c4 e6 3. Nf3 b6 4. g3 Ba6 5. e3 d5 6. b3 Bb4+ 7. Bd2 Be7 8. Nc3 0-0 9. Bg2 Nbd7 10. Ne5 Nxe5 11. dxe5 Nd7 12. f4 dxc4 13. bxc4 Nc5 14. Nb5 Nd3+ 15. Ke2 c6 16. a4 Nc5 17. Nd4 Bxc4+ 18. Kf2 Rc8 19. Nxc6 Rxc6 20. Bxc6 Bd5 21. Bxd5 Qxd5 22. Bc1 Nd3+ 23. Ke2 Nxc1+ 24. Kf2 Nd3+ 25. Kg1 Qxh1+ 26. Kxh1 Nf2+ 27. Kg2 Nxd1 28. Rxd1 Rd8 29. Rxd8+ Bxd8 30. Kf3 a6 0-1

[Event "Timisoara Foisor Memorial Rapid"]
[Site "Timisoara"]
[Date "2024.08.03"]
[Round "3"]
[White "Filip, Andrei"]
[Black "Nasuta, Grzegorz"]
[Result "0-1"]
[WhiteElo "2302"]
[BlackElo "2533"]
[PlyCount "100"]
[EventDate "2024.08.03"]
[EventType "swiss (rapid)"]
[EventRounds "9"]
[EventCountry "ROU"]
[SourceTitle "CBM 221 Extra"]
[Source "ChessBase"]
[SourceDate "2024.09.30"]
[SourceVersion "1"]
[SourceVersionDate "2024.09.30"]
[SourceQuality "1"]

1. e4 c5 2. Nf3 d6 3. d4 cxd4 4. Nxd4 Nf6 5. Nc3 a6 6. Bg5 Nbd7 7. Bc4 Qb6 8. Bb3 e6 9. Bxf6 Nxf6 10. Qd2 Nd7 11. 0-0-0 Nc5 12. Kb1 Bd7 13. f4 0-0-0 14. f5 g6 15. Rhf1 Kb8 16. g4 Bc8 17. h3 Qc7 18. Nde2 gxf5 19. gxf5 Rg8 20. Qf4 Bg7 21. f6 Bh8 22. Qh4 Rg6 23. Qxh7 Bxf6 24. Qh5 Be5 25. Qf3 Rg7 26. h4 Rh8 27. h5 Rgh7 28. Rh1 Qe7 29. Rdg1 Bd7 30. Nd1 Bc6 31. Nf2 f5 32. Nc3 Qf7 33. Rh3 Rxh5 34. Rxh5 Rxh5 35. Bc4 Rh7 36. Qe2 Bxc3 37. bxc3 Bxe4 38. Qd2 Qc7 39. Rg8+ Ka7 40. Nxe4 Nxe4 41. Qe3+ Qc5 42. Qxc5+ Nxc5 43. Re8 d5 44. Be2 Kb6 45. c4 d4 46. Rd8 e5 47. Rd6+ Kc7 48. Rd5 Na4 49. Kc1 Re7 50. Bh5 b6 0-1

[Event "Belgrade Serbia op"]
[Site "Belgrade"]
[Date "2024.07.15"]
[Round "4"]
[White "Kutanjac, Aleksandar"]
[Black "Filip, Andrei"]
[Result "0-1"]
[WhiteElo "2094"]
[BlackElo "2325"]
[PlyCount "64"]
[EventDate "2024.07.12"]
[EventType "swiss"]
[EventRounds "9"]
[EventCountry "SRB"]
[SourceTitle "CBM 221 Extra"]
[Source "ChessBase"]
[SourceDate "2024.09.30"]
[SourceVersion "1"]
[SourceVersionDate "2024.09.30"]
[SourceQuality "1"]

1. d4 Nf6 2. Bf4 g6 3. e3 Bg7 4. Nf3 0-0 5. c3 d6 6. Bc4 Nbd7 7. Nbd2 b6 8. Qc2 c5 9. h4 cxd4 10. cxd4 Bb7 11. Ng5 Rc8 12. Qb3 Rxc4 13. Qxc4 Bxg2 14. Rg1 Bd5 15. Qd3 e5 16. e4 Bb7 17. dxe5 Nc5 18. Qc3 dxe5 19. Be3 Nd3+ 20. Ke2 Nf4+ 21. Bxf4 exf4 22. Qc4 h6 23. Ngf3 Nxe4 24. Nxe4 Bxe4 25. Nd2 f3+ 26. Kd1 Bd3 27. Qb3 Be2+ 28. Kc1 Qc8+ 29. Qc2 Qd7 30. Nb1 Be5 31. Qd2 Qc7+ 32. Qc2 Bf4+ 0-1